US Presidents By Political Party - Statistics

General Stats
  • This quiz has been taken 6,941 times
    6,857 since last reset
  • The average score is 31 of 45
Answer Stats
Question Answer % Correct
Thomas Jefferson Democratic-Republican
84%
George Washington Independent
84%
John Adams Federalist
83%
James Madison Democratic-Republican
80%
Abraham Lincoln Republican
79%
James Monroe Democratic-Republican
77%
Barack Obama Democratic
75%
Joe Biden Democratic
75%
Ulysses S. Grant Republican
75%
Donald Trump Republican
75%
Andrew Jackson Democratic
74%
Bill Clinton Democratic
73%
Ronald Reagan Republican
73%
Richard Nixon Republican
72%
George H. W. Bush Republican
72%
George W. Bush Republican
72%
William Henry Harrison Whig
71%
John F. Kennedy Democratic
70%
Jimmy Carter Democratic
70%
Franklin Roosevelt Democratic
69%
Gerald Ford Republican
69%
James Buchanan Democratic
68%
Lyndon Johnson Democratic
68%
Chester Arthur Republican
68%
Theodore Roosevelt Republican
68%
Martin van Buren Democratic
67%
Rutherford Hayes Republican
67%
Woodrow Wilson Democratic
66%
Harry S. Truman Democratic
66%
Herbert Hoover Republican
66%
Dwight D. Eisenhower Republican
66%
John Tyler Whig
66%
James Polk Democratic
65%
Franklin Pierce Democratic
65%
James Garfield Republican
65%
William McKinley Republican
65%
William Howard Taft Republican
65%
John Quincy Adams Democratic-Republican
64%
Zachary Taylor Whig
64%
Grover Cleveland Democratic
63%
Benjamin Harrison Republican
63%
Warren Harding Republican
63%
Calvin Coolidge Republican
63%
Andrew Johnson Democratic
61%
Millard Fillmore Whig
60%
No matching quizzes found
Score Distribution
Percent of People with Each Score
Percentile by Number Answered
Your Score History
You have not taken this quiz since the last reset